000 01151nmc a2200409 a 4500
003 AR-BaBNM
005 20251128204321.0
008 295019s1985 ||||||||||||||000 | spa||
020 _a950-602-081-7
040 _cAR-BaBNM
245 1 0 _aIntroducción a la psicolingüística
260 _aBuenos Aires
_bNueva Visión
_c1985
300 0 _a241 p.
_bgráfs., tablas
490 0 _aPsicología contemporánea
500 0 _aContiene referencias bibliográficas
650 4 _aPSICOLINGUISTICA
650 4 _aDESARROLLO DEL LENGUAJE
650 4 _aPROCESO DEL PENSAMIENTO
650 4 _aCONDUCTA
650 4 _aPSICOLOGIA APLICADA
650 4 _aTRASTORNOS DEL HABLA
650 4 _aLINGUISTICA
650 4 _aSOCIOLINGUISTICA
650 4 _aRELACIONES LOGICAS
650 4 _aRELACIONES SEMANTICAS
650 4 _aDESTREZAS LINGUISTICAS
650 4 _aPSICOLOGIA DE LA COMUNICACION
653 0 _aNEOLOGISMOS
700 1 _aPiaget, Jean
700 1 _aAjuriaguerra, Julián de
700 1 _aBresson, François
700 1 _aFraisse, Paul
700 1 _aInhelder, Bärbel
700 1 _aOléron, Pierre
942 _cBK
998 _cGrace
999 _c7000
_d7000